000 00199 a2200109 4500
020 _a9780316230377
041 _aspa
100 _aJen Arena
245 _aBesos for Baby
942 _cBK
952 _71
999 _c24938
_d24938